00386nam a22001577a 4500003001200000005001700012008004100029020000600070040001200076082001700088100001700105245005400122250001200176260001100188650002900199NUST - PNEC20170116181112.0151004b xxu||||| |||| 00| 0 eng d a- cLIBRARY a955.5491 RIK aRikhye, Ravi aThe fourth round, Indo-Pak war, 1984cRavi Rikhye a1st ed. cc.1982 aPakistan xGeneral books